000 00656nam a2200229Ia 4500
003 GCL
008 140319s9999 xx 000 0 ara d
040 _aGCL /
_cGCL
082 0 4 _a212.2
_bم ع
100 1 _aمحمد ابوزهرة
245 1 0 _aالعلاقات الدولية فى الاسلام /
_cمحمد ابوزهرة
260 _a[S.N] :
_bدار الفكر العربى
300 _a116 ص
490 _a
650 0 4 _aالاسلام
650 0 4 _aالاخلاق الاسلامية
650 0 4 _aالتاريخ
650 0 4 _aالادب الاسلامى
650 0 4 _aالفضيلة
650 0 4 _aالعدالة
942 _2ddc
_cBK
999 _c32317
_d32317